00300nam a2200109Ia 4500008004100000041000800041100001900049245004200068260003500110300000800145700003700153250110s9999 xx 000 0 und d aeng aBhosale Shreya aBoutique Hotel At Fort Jaigarh Jaipur bFinal Year B. Arch, BNCAc2014 a95p aGuide Name:Sahastrabuddhe Chetan